MARC

LEADER 00000nam0a2200000 4500
001 363632
005 20231102011617.0
035 |a (RuTPU)RU\TPU\retro\20979 
090 |a 363632 
100 |a 20211006d1981 m y0rusy50 ca 
101 0 |a rus 
102 |a RU 
105 |a y z 001zy 
200 1 |a Педагогика наставничества  |f сост. Н. М. Таланчук 
210 |a Москва  |c Советская Россия  |d 1981 
215 |a 192 с. 
320 |a Библиография в ссылках 
606 1 |a Наставничество  |2 stltpush  |3 (RuTPU)RU\TPU\subj\45046  |9 64310 
610 1 |a педагогика 
610 1 |a педагогические методы 
610 1 |a наставления 
610 1 |a наставники 
610 1 |a обучение 
610 1 |a воспитательная деятельность 
610 1 |a психологические требования 
675 |a 658.336  |v 4 
702 1 |a Таланчук  |b Н. М.  |4 220 
801 1 |a RU  |b 63413507  |c 20211006 
942 |c BK